000 00967nas a2200313 4500
001 BR2018002038
003 BR-BrBNA
005 20231205131427.0
007 ta
008 230509b bl.|||p| |||| 00| 00por d
040 _aBR-BrBNA
_bpor
_cBiblioteca Nacional de Agricultura
041 _a(Pt)
072 _aF30
100 1 _aGois, I.B.
100 1 _aFerreira, R.A.
100 1 _aSilva-Mann, R.
100 1 _aBlank, M. de F.A.
100 1 _aSantos Neto, E.M.
245 1 _aDiversidade genética entre indivíduos de Spondias Lutea L. procedentes do baixo São Francisco sergipano por meio de marcadores RAPD
650 _aMATA CILIAR
650 _aCAJÁ
650 _aSEMENTE
650 _aPRODUÇÃO
650 _aMARCADOR MOLECULAR
650 _aGENÉTICA VEGETAL
773 0 _tRevista Árvore (Brazil)
_xISSN 0100-6762
_g(Mar-Apr 2014), v. 38(2) p. 261-269
_wBR2018002038
909 _a202311
_bLúcia
_c55
_dLúcia Elande
942 _2AGRIS
_n0
_cANA
999 _c254754
_d254754